000 00788ntaaa2200229 4500
003 01
005 20251027202733.0
008 0714s1973 ag 01
040 _aAR-BaBN
_bspa
_cAR-BaBN
_eaacr
_dRIC
082 _a704.9480 Sa5
100 _aSánchez Canton, F.J.
_927355
245 _aGrandes temas del arte cristiano en España
250 _a1 ed.
260 _aMadrid :
_bBiblioteca de Autores Cristianos,
_cc1950
300 _a4 tomos
500 _aT.1 Nacimiento é infancia de Cristo: T.2 Cristo en el Evangelio: T.3 La pasión de Cristo, por J Camón Aznar
650 _aarte cristiano español
_927356
650 _anacimiento é infancia de Cristo
_927357
650 _aCristo en el evangelio
_927358
650 _aPasión de Cristo en el arte español
_927359
942 _cBK
999 _c22619
_d22619